Estadísticas para Matemática rápida- Multiplicación

Haz click aquí para tomar la prueba!

Estadísticas generales

  • Esta prueba ha sido tomada 13.576 veces
  • La puntuación promedio es 14 de 20

Estadísticas de respuestas

 Problem Solution% Correcto
54 x 2108
100%
4 x 312
100%
6 x 212
100%
23 x 6138
100%
75 x 2150
100%
77 x 2154
100%
81 x 2162
100%
84 x 2168
100%
9 x 218
100%
90 x 2180
100%
60 x 3180
100%
92 x 2184
100%
99 x 2198
100%
7 x 321
100%
11 x 222
100%
6 x 424
100%
8 x 324
100%
13 x 226
100%
94 x 3282
100%
42 x 7294
100%
10 x 330
100%
80 x 4320
100%
60 x 6360
100%
39 x 10390
100%
2 x 24
100%
21 x 242
100%
18 x 354
100%
3 x 26
100%
32 x 264
100%
14 x 570
100%
52 x 2104
96%
13 x 10130
96%
24 x 10240
96%
21 x 484
96%
10 x 990
96%
30 x 390
96%
12 x 10120
95%
30 x 4120
95%
11 x 11121
95%
41 x 3123
95%
82 x 2164
95%
5 x 420
95%
70 x 3210
95%
30 x 7210
95%
60 x 4240
95%
20 x 240
95%
11 x 444
95%
44 x 10440
95%
15 x 345
95%
45 x 10450
95%
15 x 460
95%
37 x 274
95%
41 x 282
95%
17 x 585
95%
24 x 496
95%
40 x 3120
94%
40 x 4160
94%
10 x 220
94%
40 x 5200
94%
40 x 6240
94%
7 x 428
94%
28 x 10280
94%
29 x 10290
94%
16 x 232
94%
40 x 9360
94%
22 x 244
94%
12 x 560
94%
21 x 363
94%
9 x 981
94%
44 x 288
94%
45 x 290
94%
24 x 5120
93%
42 x 3126
93%
50 x 3150
93%
16 x 10160
93%
21 x 10210
93%
41 x 7287
93%
6 x 636
93%
43 x 10430
93%
47 x 10470
93%
56 x 10560
93%
29 x 258
93%
10 x 660
93%
30 x 260
93%
20 x 360
93%
31 x 393
93%
47 x 294
93%
12 x 896
93%
11 x 999
93%
53 x 2106
92%
62 x 2124
92%
14 x 10140
92%
80 x 2160
92%
83 x 3249
92%
31 x 11341
92%
18 x 236
92%
72 x 5360
92%
37 x 10370
92%
22 x 20440
92%
53 x 10530
92%
13 x 565
92%
19 x 476
92%
3 x 39
92%
65 x 2130
91%
73 x 2146
91%
30 x 5150
91%
17 x 10170
91%
18 x 10180
91%
20 x 10200
91%
9 x 327
91%
70 x 4280
91%
75 x 5375
91%
38 x 10380
91%
48 x 10480
91%
10 x 550
91%
60 x 9540
91%
50 x 2100
90%
51 x 2102
90%
20 x 6120
90%
4 x 416
90%
31 x 7217
90%
50 x 6300
90%
40 x 10400
90%
75 x 6450
90%
25 x 250
90%
11 x 888
90%
20 x 5100
89%
57 x 2114
89%
60 x 2120
89%
66 x 2132
89%
55 x 3165
89%
46 x 5230
89%
80 x 3240
89%
5 x 525
89%
40 x 8320
89%
17 x 234
89%
19 x 238
89%
10 x 440
89%
80 x 6480
89%
51 x 10510
89%
26 x 252
89%
9 x 872
89%
15 x 575
89%
20 x 480
89%
33 x 399
89%
5 x 210
88%
10 x 10100
88%
36 x 3108
88%
22 x 5110
88%
55 x 2110
88%
33 x 4132
88%
37 x 4148
88%
15 x 10150
88%
51 x 3153
88%
20 x 8160
88%
54 x 3162
88%
85 x 2170
88%
89 x 2178
88%
93 x 2186
88%
95 x 2190
88%
33 x 6198
88%
50 x 4200
88%
72 x 3216
88%
24 x 11264
88%
54 x 5270
88%
15 x 230
88%
11 x 333
88%
56 x 6336
88%
7 x 535
88%
8 x 540
88%
9 x 545
88%
7 x 749
88%
49 x 10490
88%
11 x 555
88%
8 x 756
88%
31 x 262
88%
22 x 366
88%
34 x 268
88%
16 x 580
88%
40 x 280
88%
12 x 9108
87%
59 x 2118
87%
25 x 5125
87%
34 x 6204
87%
30 x 10300
87%
90 x 4360
87%
36 x 10360
87%
42 x 284
87%
22 x 488
87%
15 x 7105
86%
28 x 5140
86%
12 x 12144
86%
23 x 7161
86%
42 x 4168
86%
20 x 9180
86%
42 x 5210
86%
41 x 6246
86%
63 x 4252
86%
65 x 4260
86%
70 x 5350
86%
30 x 14420
86%
23 x 246
86%
59 x 10590
86%
60 x 10600
86%
9 x 763
86%
8 x 864
86%
25 x 375
86%
46 x 292
86%
48 x 296
86%
11 x 10110
85%
58 x 2116
85%
47 x 3141
85%
44 x 4176
85%
46 x 4184
85%
49 x 4196
85%
32 x 10320
85%
51 x 7357
85%
12 x 336
85%
92 x 4368
85%
30 x 13390
85%
16 x 348
85%
13 x 452
85%
34 x 3102
84%
56 x 2112
84%
53 x 3159
84%
88 x 2176
84%
59 x 3177
84%
66 x 4264
84%
65 x 5325
84%
14 x 342
84%
8 x 648
84%
33 x 266
84%
24 x 372
84%
28 x 384
84%
32 x 396
84%
63 x 2126
83%
32 x 5160
83%
58 x 3174
83%
6 x 318
83%
62 x 3186
83%
95 x 3285
83%
34 x 10340
83%
93 x 4372
83%
40 x 12480
83%
70 x 7490
83%
17 x 351
83%
54 x 10540
83%
23 x 369
83%
26 x 378
83%
21 x 6126
82%
15 x 9135
82%
5 x 315
82%
35 x 5175
82%
36 x 5180
82%
21 x 9189
82%
51 x 4204
82%
35 x 6210
82%
25 x 9225
82%
50 x 5250
82%
86 x 3258
82%
48 x 6288
82%
38 x 8304
82%
9 x 436
82%
60 x 7420
82%
52 x 9468
82%
12 x 448
82%
96 x 5480
82%
60 x 8480
82%
26 x 20520
82%
40 x 14560
82%
14 x 684
82%
13 x 8104
81%
26 x 4104
81%
22 x 6132
81%
70 x 2140
81%
52 x 3156
81%
23 x 10230
81%
33 x 7231
81%
12 x 224
81%
52 x 5260
81%
72 x 4288
81%
50 x 8400
81%
40 x 11440
81%
24 x 248
81%
57 x 10570
81%
50 x 12600
81%
10 x 770
81%
38 x 276
81%
27 x 381
81%
43 x 286
81%
23 x 492
81%
14 x 9126
80%
45 x 3135
80%
74 x 2148
80%
83 x 2166
80%
13 x 13169
80%
87 x 2174
80%
45 x 4180
80%
22 x 10220
80%
25 x 10250
80%
40 x 7280
80%
41 x 8328
80%
82 x 4328
80%
74 x 5370
80%
62 x 6372
80%
13 x 339
80%
70 x 6420
80%
90 x 5450
80%
91 x 5455
80%
25 x 20500
80%
48 x 11528
80%
9 x 654
80%
64 x 9576
80%
16 x 464
80%
4 x 28
80%
15 x 8120
79%
20 x 7140
79%
41 x 4164
79%
30 x 6180
79%
26 x 7182
79%
55 x 4220
79%
75 x 3225
79%
75 x 4300
79%
60 x 5300
79%
91 x 4364
79%
42 x 9378
79%
52 x 8416
79%
14 x 456
79%
70 x 8560
79%
30 x 20600
79%
35 x 270
79%
36 x 272
79%
10 x 880
79%
14 x 798
79%
13 x 9117
78%
31 x 4124
78%
36 x 4144
78%
73 x 3219
78%
32 x 7224
78%
51 x 6306
78%
28 x 11308
78%
79 x 4316
78%
32 x 11352
78%
58 x 10580
78%
18 x 472
78%
13 x 11143
77%
24 x 8192
77%
52 x 4208
77%
90 x 3270
77%
46 x 6276
77%
31 x 10310
77%
8 x 432
77%
76 x 7532
77%
35 x 3105
76%
37 x 3111
76%
61 x 2122
76%
67 x 2134
76%
27 x 5135
76%
76 x 2152
76%
39 x 4156
76%
22 x 8176
76%
23 x 9207
76%
27 x 8216
76%
24 x 9216
76%
47 x 5235
76%
61 x 4244
76%
59 x 5295
76%
30 x 11330
76%
50 x 7350
76%
84 x 5420
76%
72 x 7504
76%
55 x 10550
76%
12 x 784
76%
32 x 4128
75%
12 x 11132
75%
7 x 214
75%
71 x 2142
75%
17 x 9153
75%
14 x 11154
75%
79 x 2158
75%
56 x 3168
75%
25 x 7175
75%
91 x 2182
75%
61 x 3183
75%
63 x 3189
75%
32 x 6192
75%
98 x 2196
75%
44 x 5220
75%
81 x 3243
75%
31 x 9279
75%
14 x 228
75%
71 x 4284
75%
97 x 3291
75%
33 x 10330
75%
58 x 6348
75%
71 x 5355
75%
99 x 4396
75%
73 x 6438
75%
99 x 5495
75%
52 x 10520
75%
90 x 6540
75%
81 x 7567
75%
99 x 6594
75%
28 x 4112
74%
64 x 2128
74%
21 x 8168
74%
53 x 5265
74%
30 x 9270
74%
47 x 7329
74%
57 x 7399
74%
27 x 254
74%
25 x 4100
73%
21 x 7147
73%
25 x 6150
73%
24 x 7168
73%
31 x 6186
73%
17 x 11187
73%
71 x 3213
73%
43 x 5215
73%
39 x 6234
73%
20 x 12240
73%
89 x 3267
73%
68 x 4272
73%
58 x 5290
73%
99 x 3297
73%
6 x 530
73%
81 x 4324
73%
35 x 10350
73%
94 x 4376
73%
65 x 6390
73%
41 x 10410
73%
92 x 5460
73%
50 x 10500
73%
63 x 8504
73%
91 x 6546
73%
92 x 6552
73%
11 x 666
73%
39 x 278
73%
16 x 696
73%
49 x 298
73%
29 x 4116
72%
34 x 5170
72%
96 x 2192
72%
66 x 3198
72%
49 x 5245
72%
59 x 6354
72%
96 x 4384
72%
28 x 256
72%
52 x 11572
72%
12 x 672
72%
21 x 5105
71%
14 x 8112
71%
23 x 5115
71%
39 x 3117
71%
18 x 8144
71%
49 x 3147
71%
26 x 6156
71%
28 x 6168
71%
23 x 8184
71%
19 x 10190
71%
36 x 6216
71%
34 x 7238
71%
82 x 3246
71%
84 x 3252
71%
23 x 11253
71%
27 x 10270
71%
73 x 4292
71%
25 x 12300
71%
63 x 5315
71%
19 x 19361
71%
41 x 9369
71%
21 x 20420
71%
50 x 9450
71%
98 x 5490
71%
85 x 6510
71%
80 x 7560
71%
15 x 690
71%
68 x 2136
70%
72 x 2144
70%
29 x 5145
70%
18 x 9162
70%
33 x 5165
70%
94 x 2188
70%
79 x 3237
70%
42 x 6252
70%
91 x 3273
70%
64 x 6384
70%
82 x 5410
70%
69 x 6414
70%
93 x 5465
70%
59 x 9531
70%
19 x 6114
69%
38 x 3114
69%
22 x 7154
69%
43 x 4172
69%
65 x 3195
69%
41 x 5205
69%
20 x 11220
69%
31 x 8248
69%
45 x 6270
69%
22 x 15330
69%
44 x 8352
69%
47 x 8376
69%
80 x 5400
69%
21 x 21441
69%
23 x 20460
69%
97 x 5485
69%
29 x 20580
69%
43 x 3129
68%
69 x 2138
68%
38 x 5190
68%
26 x 10260
68%
92 x 3276
68%
21 x 19399
68%
87 x 5435
68%
30 x 15450
68%
46 x 10460
68%
95 x 5475
68%
27 x 4108
67%
17 x 7119
67%
44 x 3132
67%
13 x 12156
67%
8 x 216
67%
15 x 11165
67%
57 x 3171
67%
27 x 7189
67%
97 x 2194
67%
18 x 11198
67%
67 x 3201
67%
26 x 8208
67%
56 x 4224
67%
45 x 5225
67%
76 x 3228
67%
58 x 4232
67%
78 x 3234
67%
48 x 5240
67%
85 x 3255
67%
34 x 9306
67%
39 x 8312
67%
53 x 6318
67%
66 x 5330
67%
20 x 17340
67%
33 x 11363
67%
66 x 6396
67%
67 x 6402
67%
58 x 7406
67%
51 x 8408
67%
42 x 10420
67%
62 x 7434
67%
89 x 5445
67%
35 x 13455
67%
73 x 7511
67%
30 x 18540
67%
19 x 357
67%
13 x 791
67%
19 x 8152
65%
31 x 5155
65%
86 x 2172
65%
48 x 4192
65%
57 x 4228
65%
21 x 12252
65%
32 x 8256
65%
35 x 8280
65%
21 x 15315
65%
26 x 13338
65%
81 x 5405
65%
46 x 9414
65%
7 x 642
65%
55 x 8440
65%
42 x 11462
65%
24 x 20480
65%
83 x 6498
65%
61 x 9549
65%
66 x 9594
65%
18 x 590
65%
18 x 6108
64%
48 x 3144
64%
64 x 3192
64%
25 x 8200
64%
53 x 4212
64%
37 x 6222
64%
74 x 3222
64%
26 x 9234
64%
93 x 3279
64%
20 x 14280
64%
20 x 15300
64%
35 x 9315
64%
20 x 16320
64%
20 x 19380
64%
97 x 4388
64%
37 x 11407
64%
61 x 7427
64%
76 x 6456
64%
51 x 9459
64%
41 x 12492
64%
55 x 9495
64%
50 x 11550
64%
26 x 5130
63%
17 x 8136
63%
77 x 3231
63%
28 x 9252
63%
24 x 12288
63%
29 x 11319
63%
30 x 12360
63%
61 x 6366
63%
53 x 7371
63%
95 x 4380
63%
77 x 5385
63%
83 x 5415
63%
72 x 6432
63%
45 x 11495
63%
77 x 7539
63%
27 x 20540
63%
84 x 7588
63%
85 x 7595
63%
75 x 8600
63%
37 x 5185
62%
22 x 9198
62%
62 x 4248
62%
57 x 5285
62%
62 x 5310
62%
57 x 6342
62%
20 x 18360
62%
55 x 7385
62%
71 x 6426
62%
62 x 8496
62%
28 x 20560
62%
19 x 9171
61%
16 x 11176
61%
47 x 4188
61%
39 x 5195
61%
69 x 3207
61%
22 x 11242
61%
88 x 3264
61%
55 x 5275
61%
32 x 9288
61%
33 x 9297
61%
67 x 5335
61%
98 x 6588
61%
19 x 595
61%
54 x 4216
60%
15 x 15225
60%
36 x 7252
60%
51 x 5255
60%
33 x 8264
60%
18 x 16288
60%
43 x 7301
60%
61 x 5305
60%
77 x 4308
60%
36 x 9324
60%
81 x 6486
60%
47 x 11517
60%
39 x 15585
60%
21 x 11231
59%
19 x 15285
59%
96 x 3288
59%
52 x 7364
59%
35 x 11385
59%
85 x 5425
59%
49 x 9441
59%
22 x 22484
59%
75 x 7525
59%
62 x 9558
59%
82 x 7574
59%
74 x 8592
59%
18 x 7126
58%
34 x 4136
58%
38 x 4152
58%
78 x 2156
58%
30 x 8240
58%
44 x 6264
58%
52 x 6312
58%
46 x 7322
58%
69 x 5345
58%
46 x 8368
58%
44 x 9396
58%
47 x 9423
58%
94 x 6564
58%
95 x 6570
58%
65 x 9585
58%
35 x 4140
57%
28 x 7196
57%
64 x 4256
57%
63 x 6378
57%
78 x 5390
57%
29 x 387
57%
27 x 6162
56%
29 x 6174
56%
14 x 14196
56%
20 x 13260
56%
29 x 9261
56%
38 x 7266
56%
36 x 8288
56%
98 x 3294
56%
26 x 12312
56%
64 x 5320
56%
25 x 13325
56%
42 x 8336
56%
48 x 7336
56%
86 x 4344
56%
20 x 20400
56%
31 x 13403
56%
53 x 9477
56%
78 x 7546
56%
45 x 13585
56%
14 x 12168
55%
23 x 15345
55%
34 x 11374
55%
36 x 11396
55%
45 x 9405
55%
53 x 8424
55%
44 x 11484
55%
71 x 7497
55%
46 x 11506
55%
86 x 6516
55%
89 x 6534
55%
83 x 7581
55%
40 x 15600
55%
11 x 777
55%
15 x 12180
54%
15 x 13195
54%
43 x 6258
54%
22 x 12264
54%
56 x 5280
54%
26 x 11286
54%
74 x 4296
54%
49 x 7343
54%
29 x 14406
54%
78 x 6468
54%
94 x 5470
54%
59 x 8472
54%
43 x 11473
54%
71 x 8568
54%
16 x 8128
53%
35 x 7245
53%
47 x 6282
53%
37 x 8296
53%
44 x 7308
53%
78 x 4312
53%
27 x 12324
53%
28 x 12336
53%
43 x 8344
53%
39 x 9351
53%
89 x 4356
53%
31 x 12372
53%
39 x 11429
53%
66 x 7462
53%
57 x 9513
53%
69 x 8552
53%
48 x 12576
53%
17 x 468
53%
13 x 678
53%
16 x 15240
52%
68 x 5340
52%
76 x 5380
52%
79 x 5395
52%
86 x 5430
52%
41 x 11451
52%
30 x 17510
52%
35 x 15525
52%
46 x 3138
50%
16 x 9144
50%
29 x 7203
50%
17 x 12204
50%
19 x 11209
50%
27 x 9243
50%
21 x 14294
50%
88 x 4352
50%
73 x 5365
50%
32 x 12384
50%
34 x 12408
50%
59 x 7413
50%
58 x 8464
50%
68 x 7476
50%
56 x 9504
50%
84 x 6504
50%
42 x 12504
50%
42 x 13546
50%
93 x 6558
50%
63 x 9567
50%
97 x 6582
50%
53 x 11583
50%
49 x 12588
50%
16 x 13208
48%
19 x 12228
48%
34 x 8272
48%
77 x 6462
48%
17 x 6102
47%
19 x 7133
47%
59 x 4236
47%
23 x 13299
47%
76 x 4304
47%
54 x 6324
47%
55 x 6330
47%
83 x 4332
47%
37 x 9333
47%
26 x 14364
47%
25 x 15375
47%
56 x 7392
47%
32 x 13416
47%
38 x 12456
47%
30 x 16480
47%
54 x 9486
47%
61 x 8488
47%
36 x 15540
47%
45 x 12540
47%
38 x 9342
46%
25 x 17425
46%
82 x 6492
46%
32 x 16512
46%
40 x 13520
46%
44 x 12528
46%
79 x 7553
46%
31 x 18558
46%
54 x 11594
46%
14 x 13182
45%
68 x 3204
45%
87 x 3261
45%
17 x 17289
45%
85 x 4340
45%
87 x 4348
45%
21 x 18378
45%
28 x 15420
45%
29 x 15435
45%
63 x 7441
45%
37 x 12444
45%
69 x 7483
45%
72 x 8576
45%
16 x 7112
44%
24 x 6144
44%
16 x 12192
44%
15 x 14210
44%
17 x 15255
44%
69 x 4276
44%
49 x 8392
44%
22 x 19418
44%
87 x 6522
44%
24 x 23552
44%
26 x 22572
44%
18 x 12216
43%
67 x 4268
43%
68 x 6408
43%
64 x 7448
43%
33 x 14462
43%
32 x 15480
43%
64 x 8512
43%
27 x 19513
43%
29 x 18522
43%
58 x 9522
43%
38 x 14532
43%
41 x 13533
43%
46 x 12552
43%
28 x 8224
42%
19 x 16304
42%
25 x 14350
42%
48 x 8384
42%
38 x 11418
42%
35 x 12420
42%
23 x 19437
42%
65 x 7455
42%
25 x 22550
42%
27 x 21567
42%
37 x 7259
41%
21 x 13273
41%
49 x 6294
41%
24 x 14336
41%
22 x 17374
41%
98 x 4392
41%
23 x 18414
41%
48 x 9432
41%
33 x 17561
41%
19 x 13247
40%
88 x 5440
40%
74 x 6444
40%
32 x 14448
40%
39 x 12468
40%
37 x 13481
40%
25 x 21525
40%
45 x 7315
39%
29 x 12348
39%
24 x 16384
39%
31 x 14434
39%
24 x 22528
39%
25 x 11275
38%
27 x 11297
38%
43 x 9387
38%
27 x 15405
38%
28 x 17476
38%
26 x 19494
38%
26 x 21546
38%
25 x 24600
38%
18 x 15270
37%
67 x 7469
37%
33 x 18594
37%
27 x 22594
37%
18 x 14252
36%
23 x 12276
36%
19 x 18342
36%
28 x 13364
36%
29 x 13377
36%
54 x 8432
36%
34 x 13442
36%
67 x 8536
36%
43 x 13559
36%
42 x 14588
36%
18 x 13234
35%
19 x 17323
35%
36 x 12432
35%
24 x 19456
35%
23 x 21483
35%
73 x 8584
35%
22 x 13286
33%
18 x 18324
33%
21 x 16336
33%
45 x 8360
33%
33 x 12396
33%
57 x 8456
33%
22 x 21462
33%
25 x 19475
33%
35 x 14490
33%
39 x 13507
33%
34 x 15510
33%
65 x 8520
33%
31 x 17527
33%
88 x 6528
33%
66 x 8528
33%
49 x 11539
33%
34 x 16544
33%
29 x 19551
33%
44 x 13572
33%
41 x 14574
33%
96 x 6576
33%
38 x 6228
32%
24 x 13312
32%
28 x 16448
32%
79 x 6474
32%
27 x 13351
31%
26 x 16416
31%
29 x 16464
31%
28 x 18504
31%
68 x 8544
31%
51 x 11561
31%
35 x 17595
31%
17 x 13221
30%
29 x 8232
30%
24 x 15360
30%
31 x 16496
30%
22 x 16352
29%
28 x 14392
29%
25 x 16400
29%
29 x 17493
29%
74 x 7518
29%
39 x 14546
29%
35 x 16560
29%
30 x 19570
29%
16 x 14224
28%
33 x 13429
28%
56 x 8448
28%
23 x 22506
28%
47 x 12564
28%
84 x 4336
27%
23 x 16368
27%
27 x 14378
27%
25 x 18450
27%
24 x 24576
27%
18 x 17306
26%
23 x 14322
26%
43 x 12516
26%
39 x 7273
25%
22 x 14308
25%
21 x 17357
25%
26 x 15390
25%
26 x 18468
25%
23 x 17391
24%
27 x 17459
24%
16 x 16256
23%
27 x 16432
23%
31 x 15465
23%
26 x 23598
23%
32 x 17544
22%
54 x 7378
21%
34 x 14476
21%
33 x 15495
20%
24 x 21504
20%
37 x 14518
20%
32 x 18576
20%
28 x 21588
20%
46 x 13598
20%
24 x 18432
19%
36 x 16576
19%
31 x 19589
19%
17 x 14238
18%
33 x 16528
18%
19 x 14266
17%
28 x 19532
17%
38 x 15570
17%
37 x 16592
16%
17 x 16272
15%
38 x 13494
15%
36 x 13468
14%
36 x 14504
14%
25 x 23575
14%
27 x 18486
13%
23 x 23529
13%
37 x 15555
13%
22 x 18396
10%
24 x 17408
8%
34 x 17578
8%
26 x 17442
0%

Distribución de puntuación

Porcentaje por número respondido

Porcentaje de gente con cada puntuación

Historial de tus puntuaciones

No has tomado esta prueba